Statistics for Trivia about: Smash Bracket

Click here to take the quiz!

General Stats

  • This quiz has been taken 30 times
    (9 since last reset)
  • The average score is 8 of 16

Answer Stats

HintAnswer% Correct
The name of the Owner of the channel.Inkthinks
100%
How many episodes are in “Season 0”3
75%
What are the 2 Episodes Already done on Death Battle That are planned to be done on Smash Bracket/Super Smackdown?Ken vs Terry
75%
What Episode was First episode in Season 1?Marth vs Meta Knight
75%
The name of the Main ResearcherReallemon
75%
The name of the infamous Gun that was used by The “Winner” of the episode above.Demon Sniper Rifle
50%
The first episode of the series.Link vs Ridley
50%
What is the most popular episode? (by views)Mewtwo vs Sephiroth
50%
What is the first Battle Royale that is Planned to Release?Minecraft Battle Royale
50%
What is the “Sister Series” to Smash Bracket?Super Smackdown
50%
The 2nd one:TMNT Battle Royale
50%
The most Controversial episodeFox vs Sonic
25%
What Website was used to Launch Super Smackdown?Kickstarter
25%
What was the First Battle Royale Announced?Koopalings Battle Royale
25%
What episode was scrapped because of the characters being too similair?Olimar vs Alph
25%
What Series has a Same-Series Fights Planned (Not including Battle Royales)Super Mario
25%

Score Distribution

Percentile by Number Answered

Percent of People with Each Score

Your Score History

You have not taken this quiz since the last reset